000 00341pab a2200157 454500
008 180718b1997 xxu||||| |||| 00| 0 eng d
100 _aHindwan, Sudhir
245 _aThe role of the police
260 _c1997
300 _ap.10
362 _a18 Apr
650 _aPolice - India
650 _aPolice
773 _aHindu
909 _a34956
999 _c34956
_d34956